00640 a2200205 45000010006000000050017000060080041000230030015000640400040000790800031001192450088001502640035002383000019002730410008002921000034003007000024003347000036003587000021003947000019004156213020260407155915.0260407a1979 arg spa dAR-UNSa-BCEJYS aAR-UNSa-BCEJYSbspacAR-UNSa-BCEJYS a349.2xDerecho del Trabajo10aEstudios sobre derecho individual de trabajopEn homenaje al Prof. Mario L. Deveali 1aBuenos Aires :bHeliastac1979 a891 p.c23 cm. aspa1 aAlmansa Pastor, José Manuel1 aAlonso Olea, Manuel1 aAltamira Gigena, Raúl Enrique1 aAngulo, Jorge M.1 aArdau, Giorgio